Wszystkie państwa, które leżą w całości na wyspach - Statystyki

Ogólne statystyki
  • Ten quiz został rozwiązany 172 razy
    145 od ostatniego zresetowania
  • Średni wynik to 37 z 47
Statystyki odpowiedzi
Odpowiedź % Poprawnych
Wielka Brytania
95%
Dominika
92%
Islandia
92%
Kuba
91%
Malta
91%
Dominikana
90%
Irlandia
90%
Japonia
88%
Cypr
86%
Haiti
86%
Nowa Zelandia
86%
Wyspy Świętego Tomasza i Książęca
86%
Indonezja
85%
Madagaskar
84%
Jamajka
83%
Malediwy
83%
Sri Lanka
82%
Republika Zielonego Przylądka
81%
Seszele
81%
Wyspy Marshalla
81%
Bahamy
80%
Tajwan
80%
Wyspy Salomona
80%
Fidżi
79%
Nauru
79%
Palau
79%
Barbados
78%
Saint Vincent i Grenadyny
78%
Komory
77%
Samoa
77%
Trynidad i Tobago
77%
Filipiny
76%
Saint Lucia
76%
Antigua i Barbuda
75%
Grenada
75%
Saint Kitts i Nevis
75%
Tonga
74%
Tuvalu
74%
Vanuatu
73%
Mikronezja
72%
Papua Nowa Gwinea
71%
Mauritius
69%
Kiribati
67%
Timor Wschodni
64%
Brunei
62%
Singapur
58%
Bahrajn
55%
Nie znaleziono quizów pasujących do podanych kryteriów
Rozkład punktacji
Procent ludzi z każdym wynikiem
Percentyl według liczby udzielonych odpowiedzi
Twoja historia wyników
Nie rozwiązałeś tego quizu od ostatniego zresetowania